Retrouve les acteurs ou actrices #3 - Statistiques

Statistiques générales
  • Ce quiz a été pris 219 fois
    152 depuis la dernière actualisation
  • Le résultat moyen est 12 sur 45
Statistiques - réponses
Hint Homme/femme Films/ séries Acteurs/ actrices % Correct
9 Homme OSS 177, Brice de Nice, Lucky luke Jean Dujardin
80%
24 Femme Euphoria, Dune, Spider man far from home Zendaya
69%
3 Homme Deadpool, Free Guy, green lantern Ryan Reynolds
63%
13 Homme World war z, troie, fury Brad Pitt
48%
11 Homme Captain america civil war, Mary, les 4 fantastiques Chris Evans
47%
2 Homme Taken, La liste de Schindler non stop Liam Neeson
47%
19 Femme HPI, Intouchable, les reines du ring Audrey Fleurot
46%
1 Femme Captain marvel, room, Avengers endgame Brie Larson
46%
28 Homme Skyfall, Mourir peut attendre, dream house Daniel Craig
44%
15 Homme Fast and Furious, Baby Sittor, un homme à part Vin Diesel
44%
10 Femme La vie d'Adèle, Rien à foutre, Mandibules Adèle Exarchopoulos
43%
41 Homme Les filles du docteur March, Dune, le roi Timothée Chalamet
40%
18 Homme La haine, Black Swan, Un moment d'égarement Vincent Cassel
40%
16 Homme The spider man, tic tick boom, Mainstream Andrew Garfield
39%
17 Homme The witcher, Batman vs superman, Sans issue Henry Cavill
38%
37 Femme Les tuches, les profs, munch Isabelle Nanty
35%
5 Femme Harry potter et l'ordre du phenix, Ocean's 8, Enola Holmes Helena Bonham Carter
34%
29 Homme Creed 3, Black panther, Sans aucun remords Michael B Jordan
33%
38 Homme Thor, Hight Rise, Loki Tom Hiddleston
31%
7 Homme Les animaux fantastiques, les misérables, une merveilleuse histoire du temps Eddie Redmayne
28%
31 Homme Uncharted, ted, 22 miles Mark Wahlberg
28%
6 Femme Cendrillon, Ocean's 8, Thor ragnarok Cate Blanchett
25%
40 Homme Morbius, Suicide squad, House of Gucci Jared Leto
24%
42 Femme Joséphine, Vilaine, nos jours heureux Marilou Berry
24%
8 Femme X men dark phoenix, Game of thrones, survive Sophie Turner
23%
33 Homme The last of us, Game of Thrones, Narcos Pedro Pascal
21%
12 Femme The batman, Les animaux fantastiques les crimes de Grindelwald, Divergente Zoë Kravitz
20%
14 Femme Le cinquième élément, résident evil, Survivor Milla Jovovich
18%
23 Homme Harry Potter, Raspoutine, Piège de cristal Alan Rickman
16%
43 Femme À couteaux tirés, blade runner 2049, Yesterday Ana de Armas
13%
25 Homme Avengers, Premier contact, the town Jeremy Renner
13%
20 Homme Avatar, le choc des titans, dos au mur Sam Worthington
13%
4 Homme Les animaux fantastiques, le monde de Charlie, Justice league Erza Miller
12%
44 Femme Raid dingue, supercondriaque, embrasse moi Alice Pol
11%
27 Femme Cendrillon, Yesterday, Rebecca Lily James
11%
26 Homme Game of thrones, le monde de narnia, x men day of the future past Peter Dinklage
9%
32 Femme Reign, american nightmare, teen wolf saison 3 Adelaide Kane
7%
21 Homme Stranger Things, Abe, the circle Noah Schnapp
7%
34 Homme Black mirror, Avengers infinity war, Zone hostile Anthony Mackie
6%
30 Femme Harry Potter et l'ordre du phenix, Vera Drake, Finding your feet Imelda Staunton
6%
39 Femme Spider man far from home, coeur sauvage, le choc des générations Marisa Tomei
4%
35 Homme The Originals, balade meurtrière, captivity Daniel Gillies
3%
45 Femme Alibi.com, haute couture, le prix à payer Natalie Baye
3%
22 Femme Le labyrinthe, le gout de la vie, learning to drive Patricia Clarkson
3%
36 Homme The 100, Le roi scorpion, last call Zach McGowan
1%
Aucun quiz correspondant
Distribution des résultats
% des personnes avec chaque résultat
Percentile par nombre de réponses
Votre historique - résultats
Vous n’avez pas pris ce quiz depuis la dernière actualisation